| 000 | 00924nam a2200289Ia 4500 | ||
|---|---|---|---|
| 003 | PE SENCICO BE | ||
| 005 | 20251020182435.0 | ||
| 008 | 200515s9999 xx 000 0 und d | ||
| 020 | _a978-84-252-3312-8 | ||
| 040 |
_aPE SENCICO BE _cPE SENCICO BE |
||
| 041 | _aspa | ||
| 082 |
_a720.1 _bP21 _22014 |
||
| 100 | 1 |
_aPallasmaa, Juhani _91422 _eautor |
|
| 245 | 1 | 0 |
_aLa imagen corpórea : _bla imaginación e imaginario en la arquitectura / _cJuhani Pallasmaa |
| 250 | _a2a ed. | ||
| 260 |
_aBarcelona : _bGustavo Gili, _c2014 |
||
| 300 |
_a184 páginas : _bilustraciones a color ; _c21 cm. |
||
| 504 | _aBibliografía: p. 178-179 | ||
| 650 | 1 | 0 |
_aTeoría de la arquitectura _9670 |
| 650 | 2 | 0 |
_aArquitectura _949 |
| 650 | 2 | 0 |
_aFilosofía _91423 |
| 650 | 2 | 0 |
_aArquitectura estética _91424 |
| 650 | 2 | 0 |
_aImagen (Filosofía) _91425 |
| 700 | 1 |
_91426 _aMuro, Carles _etraducción |
|
| 942 |
_cLIB _2ddc |
||
| 999 |
_c356 _d356 |
||